Medium-sized Enterprises in Selected Marginalized Regions of Slovakia and Poland

Problém vstupu stredných, a najmä malých podnikov na zahraničné trhy. Využitie ich exportného potenciálu. Výsledky spoločného cezhraničného prieskumu, vykonaného v roku 2013 na príklade stredných podnikov v Poľsku a na Slovensku.

Gespeichert in:
Bibliographische Detailangaben
1. Verfasser: Madzinová, Renáta
Weitere Verfasser: Sedláková, Iveta
Format: Buchkapitel
Sprache:Englisch
Schlagworte:
Tags: Tag hinzufügen
Keine Tags, Fügen Sie das erste Tag hinzu!

MARC

LEADER 00000nla a2200000 4500
001 0214318
005 20240502083538.0
041 0 |a eng 
044 |a UA 
245 1 0 |a Medium-sized Enterprises in Selected Marginalized Regions of Slovakia and Poland  |c Renáta Madzinová, Iveta Sedláková 
520 |a Problém vstupu stredných, a najmä malých podnikov na zahraničné trhy. Využitie ich exportného potenciálu. Výsledky spoločného cezhraničného prieskumu, vykonaného v roku 2013 na príklade stredných podnikov v Poľsku a na Slovensku. 
610 2 0 |a obchod medzinárodný 
610 2 0 |a konkurencia 
610 2 0 |a podnik malý 
610 2 0 |a podnik stredný 
610 2 0 |a politika obchodná 
610 2 0 |a Poľsko 
610 2 0 |a Slovensko 
610 2 0 |a prieskum trhu 
100 1 |a Madzinová, Renáta 
700 1 |a Sedláková, Iveta